[Event "Ch BLR U20 b"]
[Site "?"]
[Date "2015.04.11"]
[Round "10.1"]
[White "Savitski, A."]
[Black "Nikitenko, M."]
[Result "1/2-1/2"]
[WhiteElo "2188"]
[BlackElo "2346"]
[PlyCount "104"]
[EventDate "2015.??.??"]

1. Nf3 Nf6 2. g3 g6 3. Bg2 Bg7 4. O-O O-O 5. d4 c6 6. c4 d6 7. Nc3 Qa5 8. d5
cxd5 9. cxd5 b5 10. Nd4 b4 11. Nb3 Qa6 12. Nb1 Bf5 13. a3 Qc8 14. Nd4 Bh3 15.
Nf3 Bxg2 16. Kxg2 Qb7 17. Qb3 Nxd5 18. Rd1 Nc7 19. Nc3 Nc6 20. axb4 Nd4 21. Qc4
d5 22. Qd3 Nb3 23. Rb1 Nxc1 24. Rbxc1 Rfd8 25. Na4 e5 26. Qc3 Nb5 27. Qc6 Qxc6
28. Rxc6 e4 29. Ng1 Rab8 30. e3 d4 31. exd4 Rxd4 32. Rxd4 Nxd4 33. Rc4 f5 34.
f3 e3 35. f4 Re8 36. Kf1 e2+ 37. Ke1 Re4 38. Rc1 Nb5 39. Nc3 Rxb4 40. Nxb5 Rxb5
41. Rc8+ Bf8 42. Rc2 a5 43. Nxe2 a4 44. Rc4 Rxb2 45. Rxa4 Bc5 46. Rc4 Be3 47.
Kf1 Bb6 48. Rc8+ Kf7 49. Rb8 Rb1+ 50. Kg2 Ke6 51. Re8+ Kd6 52. Re5 Rb2 1/2-1/2

[Event "Ch BLR U20 b"]
[Site "?"]
[Date "2015.04.11"]
[Round "10.2"]
[White "Filipets, E."]
[Black "Zarubitski, V."]
[Result "1-0"]
[WhiteElo "2260"]
[BlackElo "2196"]
[PlyCount "133"]
[EventDate "2015.??.??"]

1. g3 Nf6 2. Bg2 d5 3. c4 c6 4. Nf3 g6 5. O-O Bg7 6. cxd5 cxd5 7. Nc3 O-O 8. d3
Nc6 9. e4 dxe4 10. dxe4 Bg4 11. Be3 Qa5 12. Qb3 Be6 13. Qxb7 Nb4 14. Nd4 Rab8
15. Qxe7 Rfe8 16. Nb3 Qh5 17. Qc5 Nc2 18. Qxh5 Nxh5 19. Rac1 Nxe3 20. fxe3 Bxb3
21. axb3 Nf6 22. Nd5 Nxd5 23. exd5 Rxe3 24. d6 Rd3 25. Rfd1 Rxd1+ 26. Rxd1 Rd8
27. Bc6 Kf8 28. Kg2 Be5 29. d7 Ke7 30. Rd5 f6 31. b4 Rb8 32. b3 Kd8 33. b5 Kc7
34. Rd2 Kd8 35. Ra2 Bd4 36. Kf3 Ke7 37. Ke4 Bb6 38. Kd5 f5 39. Re2+ Kf6 40.
Re6+ Kf7 41. Re8 Rd8 42. b4 Bc7 43. Re2 g5 44. Kc5 f4 45. Bd5+ Kf6 46. Kc6 Bb6
47. g4 Be3 48. Kd6 Rf8 49. Rc2 Bb6 50. Rc4 Kg7 51. Rc8 f3 52. Ke7 Rf4 53. Rc4
Rf8 54. Rc8 Rf4 55. Rg8+ Kh6 56. Rf8 f2 57. Bg2 Rxg4 58. Rxf2 Bc7 59. Rc2 Bb6
60. Rc6+ Kg7 61. Rxb6 axb6 62. Bd5 Rg1 63. d8=Q Re1+ 64. Be6 Kh6 65. Qxb6 g4
66. Qf2 Re4 67. Qf6+ 1-0